All Formula E Teams Ever - Statistics

General Stats
  • This quiz has been taken 396 times
    37 since last reset
  • The average score is 14 of 29
Answer Stats
Seasons Team % Correct
2019-2022 Mercedes EQ
86%
2022-2025 Neom Mclaren
83%
2021-Current Season DS Penske
79%
2024-Current Season Lola Yamaha ABT
72%
2017-2021 Audi Sport
69%
2016-Current Season Jaguar Racing
69%
2018-Current Season Nissan
69%
2014-Current Season Andretti Autosport
66%
2014-Current Season Mahindra Racing
66%
2019-Current Season Porsche
66%
2026-Current Season Citroen
62%
2015-2018 Renault
62%
2021-Current Season Envision Racing
59%
2022-2023 ABT Cupra
55%
2014-2017 ABT/ABT Schaeffler
45%
2014-2021 Virgin Racing
45%
2022-2025 Maserati MSG
41%
2014-2015 Trulli
41%
2024-Current Season CUPRA Kiro
34%
2017-2023 Nio 333
34%
2014-2021 Dragon Racing
31%
2016-2022 Techeetah
28%
2014-2022 Venturi Racing
28%
2014-2016 Amlin Aguri
24%
2014-2015 e.dams
17%
2014 China Racing
14%
2023-24 ERT
14%
2018-2019 HWA Racelab
14%
2014-2017 NEXTEV TCR
10%
No matching quizzes found
Score Distribution
Percent of People with Each Score
Percentile by Number Answered
Your Score History
You have not taken this quiz since the last reset